Clubs de Ligue 1 (2013-2014) - Statistics

General Stats
  • This quiz has been taken 65 times
  • The average score is 7 of 20
Answer Stats
Answer % Correct
Paris Saint-Germain FC
97%
Olympique Lyonnais
64%
Olympique de Marseille
63%
AS Monaco FC
53%
FC Nantes
46%
AS Saint-Etienne
39%
Toulouse FC
37%
OGC Nice
36%
FC Bordeaux
32%
Lille OSC
31%
Stade Rennais FC
31%
Stade de Reims
25%
EA Guingamp
22%
FC Lorient
22%
AC Ajaccio
19%
SC Bastia
19%
Evian TG FC
15%
Montpellier HSC
12%
Valenciennes FC
8%
FC Sochaux
7%
No matching quizzes found
Score Distribution
Percent of People with Each Score
Percentile by Number Answered
Your Score History
You have not taken this quiz